00362pab a2200145 454500008004000000100001700040245002800057260000900085300001300094362001000107650002800117650002000145700001700165773003400182180718b2009 xxu||||| |||| 00| 0 eng d aJoshi, Vijay aIndia and a carbon deal c2009 ap.71-77. a1 Aug aClimatic change - India aClimatic change aPatel, Urjit aEconomic and Political Weekly